Top 10 Most Populous African Capitals - Statistics

General Stats
  • This quiz has been taken 106 times
  • The average score is 8 of 10
Answer Stats
Population Capital % Correct
20.5 mil Cairo
100%
12.0 mil Kinshasa
95%
3.90 mil Algiers
88%
5.95 mil Nairobi
84%
6.15 mil Khartoum
82%
3.72 mil Addis Ababa
81%
4.17 mil Cape Town
81%
7.90 mil Luanda
75%
3.60 mil Dakar
66%
4.95 mil Accra
65%
No matching quizzes found
Score Distribution
Percent of People with Each Score
Percentile by Number Answered
Your Score History
You have not taken this quiz